Disaster and development (Record no. 1187)

000 -LEADER
fixed length control field 00658cam a2200229 a 4500
001 - CONTROL NUMBER
control field 1187
003 - CONTROL NUMBER IDENTIFIER
control field BD-DhUET
008 - FIXED-LENGTH DATA ELEMENTS--GENERAL INFORMATION
fixed length control field 081030s2009 enka b 001 0 eng
020 ## - INTERNATIONAL STANDARD BOOK NUMBER
International Standard Book Number 9780415426688
040 ## - CATALOGING SOURCE
Original cataloging agency DLC
Transcribing agency DLC
Modifying agency BD-DhUET
082 00 - DEWEY DECIMAL CLASSIFICATION NUMBER
Classification number 338.9
Item number COL/2009
100 1# - MAIN ENTRY--PERSONAL NAME
Personal name Collins, Andrew E.
245 10 - TITLE STATEMENT
Title Disaster and development
Statement of responsibility, etc. by Andrew E. Collins.
250 ## - EDITION STATEMENT
Edition statement 1st ed.
260 ## - PUBLICATION, DISTRIBUTION, ETC. (IMPRINT)
Place of publication, distribution, etc. London ;
-- New York :
Name of publisher, distributor, etc. Routledge,
Date of publication, distribution, etc. 2009.
300 ## - PHYSICAL DESCRIPTION
Extent xvii, 285 p. :
Other physical details ill. ;
Dimensions 25 cm.
490 1# - SERIES STATEMENT
Series statement Routledge perspectives on development ;
504 ## - BIBLIOGRAPHY, ETC. NOTE
Bibliography, etc Includes bibliographies.
650 #0 - SUBJECT ADDED ENTRY--TOPICAL TERM
Topical term or geographic name as entry element Economic development.
650 #0 - SUBJECT ADDED ENTRY--TOPICAL TERM
Topical term or geographic name as entry element Natural disasters.
942 ## - ADDED ENTRY ELEMENTS (KOHA)
Koha item type General Book
Holdings
Piece designation (barcode) Price effective from Koha item type Copy number Sublocation or collection (holding branch) Lost status Koha full call number Date acquired Source of classification or shelving scheme Koha normalized classification for sorting Withdrawn status Shelving location Location (home branch) Not for loan Koha date last seen Damaged status
1093092014-11-23General Book1Central Library, BUET 338.9/COL/20092014-11-23 338_000000000000000_9COL2009 Circulation sectionCentral Library, BUET 2014-11-23